[Event "Wijk aan Zee"]
[Site "?"]
[Date "1996.??.??"]
[Round "?"]
[White "Anand, V."]
[Black "Ivanchuk, V."]
[Result "1/2-1/2"]
[WhiteElo "2725"]
[BlackElo "2735"]
[PlyCount "50"]
[EventDate "1996.??.??"]
[Source "ChessBase"]
[SourceDate "1995.10.01"]

1. e4 c5 2. Nf3 e6 3. Nc3 a6 4. g3 d6 5. Bg2 Nf6 6. e5 dxe5 7. Nxe5 Ra7 8. d3 b6 9. O-O Be7 10. Be3 Bb7 11. Bxb7 Rxb7 12. Qf3 Qc8 13. d4 cxd4 14. Bxd4 O-O 15. a4 Nfd7 16. Rfd1 Nxe5 17. Bxe5 Nc6 18. Bd6 Bxd6 19. Rxd6 Rc7 20. Qe2 Na5 21. Rxb6 Nc4 22. Rb4 a5 23. Rb5 Nxb2 24. Nd5 exd5 25. Rxb2 Rc5 1/2-1/2

[Event "Unknown"]
[Site "Unknown"]
[Date "1985.??.??"]
[Round "?"]
[White "Karpov, Anatoly"]
[Black "Kasparov, Gary"]
[Result "1/2-1/2"]
[WhiteElo "2720"]
[BlackElo "2715"]
[PlyCount "41"]
[EventDate "1985.??.??"]
[Source "www.chesslib.no"]
[SourceDate "2004.05.04"]

1. e4 c5 2. Nf3 e6 3. d4 Nc6 4. Nc3 d6 5. g4 h6 6. h4 a6 7. Bg2 Be7 8. Be3 Nxd4 9. Qxd4 e5 10. Qd1 Be6 11. Nd5 Rc8 12. c3 Nf6 13. Nxe7 Qxe7 14. g5 Ng4 15. Bd2 Qf8 16. b3 d5 17. Ke2 Ke7 18. Bc1 d4 19. Ba3 Ke8 20. Nxe5 Rd8 21. Bb2 1/2-1/2

[Event "Investbanka"]
[Site "Belgrade"]
[Date "1997.11.20"]
[Round "8"]
[White "Ivanchuk, Vassily"]
[Black "Lautier, Joel"]
[Result "1/2-1/2"]
[WhiteElo "2725"]
[BlackElo "2660"]
[PlyCount "35"]
[EventDate "1997.11.11"]
[Source "ChessBase"]
[SourceDate "1998.01.31"]

1. e4 c5 2. Nf3 e6 3. c4 Nc6 4. Nc3 e5 5. a3 d6 6. Rb1 a5 7. d3 f5 8. g3 Nf6 9. Bh3 fxe4 10. Bxc8 Qxc8 11. dxe4 Be7 12. O-O O-O 13. Bg5 Ne8 14. Nd5 Bd8 15. Bxd8 Qxd8 16. Kg2 Nc7 17. b4 axb4 18. axb4 1/2-1/2

[Event "Neum"]
[Site "?"]
[Date "2000.??.??"]
[Round "?"]
[White "Adams, M."]
[Black "Filippov, Va"]
[Result "0-1"]
[WhiteElo "2755"]
[BlackElo "2590"]
[PlyCount "74"]
[EventDate "2000.??.??"]
[Source "Chess Informant"]
[SourceDate "2000.06.01"]

1. e4 c5 2. Nf3 e6 3. b3 d5 4. exd5 exd5 5. Bb5+ Bd7 6. Bxd7+ Qxd7 7. O-O Nc6 8. Re1+ Be7 9. d4 cxd4 10. Nxd4 O-O-O 11. c3 Nf6 12. Nxc6 bxc6 13. Nd2 Rhe8 14. Nf3 Ne4 15. Qc2 Bf6 16. Bb2 c5 17. b4 Qc6 18. bxc5 Qxc5 19. Rac1 Re6 20. Nd4 Rb6 21. Nb3 Qc4 22. Ba3 Kb8 23. Bb4 Rc8 24. Qd1 Nxc3 25. Bxc3 Bxc3 26. Re3 d4 27. Rd3 Qb4 28. Qg4 Rbc6 29. g3 Qa3 30. Rc2 Qa6 31. Qf4+ R8c7 32. Rd1 d3 33. Rcc1 Qxa2 34. Nd4 Bxd4 35. Qxd4 Rxc1 36. Qb4+ Ka8 37. Qf8+ Rc8 0-1

[Event "Greece"]
[Site "?"]
[Date "2004.??.??"]
[Round "?"]
[White "Nisipeanu, L._D."]
[Black "Krasenkow, M."]
[Result "1/2-1/2"]
[WhiteElo "2685"]
[BlackElo "2630"]
[PlyCount "81"]
[EventDate "2004.??.??"]
[Source "Chess Informant"]
[SourceDate "2004.06.01"]

1. e4 c5 2. Nf3 e6 3. Nc3 Nc6 4. Be2 Nf6 5. O-O d5 6. exd5 Nxd5 7. Bb5 Nxc3 8. dxc3 Qxd1 9. Rxd1 f6 10. Be3 Bd7 11. Nd2 O-O-O 12. Ne4 b6 13. a3 Nb8 14. Bc4 e5 15. b4 Bc6 16. Be6+ Kc7 17. Rxd8 Kxd8 18. f3 Bxe4 19. fxe4 Kc7 20. Rd1 Be7 21. Bf5 h6 22. Kf2 Rd8 23. Rxd8 Kxd8 24. Ke2 Nc6 25. Kd3 Kc7 26. Kc4 cxb4 27. cxb4 Nd4 28. c3 Nxf5 29. exf5 Kc6 30. a4 h5 31. b5+ Kd7 32. Kd5 Ba3 33. a5 bxa5 34. Bxa7 a4 35. b6 Bd6 36. b7 a3 37. Bc5 a2 38. Bxd6 a1=Q 39. b8=Q Qa2+ 40. Kc5 Qa5+ 41. Kc4 1/2-1/2

[Event "ch-RUS Superfinal"]
[Site "Moscow RUS"]
[Date "2005.12.30"]
[Round "11"]
[White "Zvjaginsev, V."]
[Black "Rublevsky, S."]
[Result "1/2-1/2"]
[WhiteElo "2659"]
[BlackElo "2652"]
[PlyCount "34"]
[EventDate "2005.??.??"]
[Source "www.chesslib.no"]
[SourceDate "2004.05.04"]

1. e4 c5 2. Nf3 e6 3. c3 Nf6 4. d3 b6 5. g3 Bb7 6. Bg2 d6 7. O-O g6 8. Nfd2 Nc6 9. a4 Bg7 10. a5 O-O 11. e5 Nd5 12. exd6 Qxd6 13. Na3 Qd7 14. Nac4 Nce7 15. Qb3 Qc7 16. Ne4 Bc6 17. Bg5 Nf5 1/2-1/2

[Event "Keres mem 30'"]
[Site "Tallinn"]
[Date "2000.01.23"]
[Round "4"]
[White "Bologan, Viktor"]
[Black "Ivanchuk, Vassily"]
[Result "0-1"]
[WhiteElo "2589"]
[BlackElo "2709"]
[PlyCount "98"]
[EventDate "2000.01.22"]
[Source "ChessBase"]
[SourceDate "2000.03.10"]

1. e4 c5 2. Nf3 e6 3. d3 b6 4. g3 Bb7 5. Bg2 d6 6. O-O Nd7 7. Ng5 Be7 8. Nh3 Ngf6 9. f4 O-O 10. c4 Nb8 11. Nc3 Nc6 12. f5 Nd4 13. g4 Nd7 14. Be3 Bf6 15. Qd2 Be5 16. Kh1 Qh4 17. g5 f6 18. Bxd4 cxd4 19. Nb5 exf5 20. exf5 d5 21. cxd5 a6 22. Na3 b5 23. Nc2 Nb6 24. Nb4 Rad8 25. Nc6 Rd7 26. Qe1 Qh5 27. Nxe5 fxe5 28. Qxe5 Re8 29. Nf4 Rxe5 30. Nxh5 Nxd5 31. Rf2 Nb4 32. Bxb7 Rxb7 33. a3 Nxd3 34. Rd2 Nc5 35. Rxd4 Rxf5 36. Rd8+ Kf7 37. Rg1 Re7 38. Ng3 Rxg5 39. Rf1+ Kg6 40. b4 Nd7 41. Ra8 Re6 42. Ra7 Nf6 43. Rc1 Nd5 44. Rf1 Nf6 45. Rc1 h5 46. Rcc7 Kh6 47. Re7 Rd6 48. Rxg7 Rd1+ 49. Kg2 Rxg7 0-1

[Event "FIDE World Cup-C"]
[Site "Shenyang"]
[Date "2000.09.03"]
[Round "3"]
[White "Zhang Zhong"]
[Black "Fedorov, Alexei"]
[Result "0-1"]
[WhiteElo "2636"]
[BlackElo "2646"]
[PlyCount "106"]
[EventDate "2000.08.01"]
[Source "ChessBase"]
[SourceDate "2000.11.21"]

1. e4 c5 2. Nf3 e6 3. d3 d5 4. Qe2 Nf6 5. g3 Be7 6. Bg2 O-O 7. O-O b5 8. e5 Nfd7 9. h4 Nc6 10. Bf4 a5 11. Nbd2 b4 12. Rfe1 a4 13. a3 bxa3 14. bxa3 Rb8 15. c4 Nb6 16. Rac1 Ba6 17. Bf1 Qd7 18. Ng5 h6 19. Ngf3 Rfd8 20. Nh2 Nd4 21. Qg4 Nf5 22. h5 Kh7 23. Ndf3 dxc4 24. dxc4 Nc8 25. Nd2 Na7 26. Rc3 Nc6 27. Qh3 Qd4 28. Ne4 Rb3 29. Nf3 Qd7 30. g4 Nfd4 31. g5 Rxc3 32. Nxc3 Nxf3+ 33. Qxf3 hxg5 34. Bg3 Kg8 35. h6 Nd4 36. h7+ Kh8 37. Qh5 g6 38. Qg4 Bb7 39. Bg2 Kxh7 40. Be4 Kg7 41. Rb1 Bc6 42. Kg2 Nb3 43. Rh1 Rh8 44. Rd1 Nd4 45. f3 Rb8 46. Bf2 Qc7 47. Bxc6 Nxc6 48. Qe4 Qxe5 49. Qxc6 Qxc3 50. Rd7 Qf6 51. Qxa4 Rb2 52. Qd1 g4 53. a4 g3 0-1

[Event "Bastia Cup"]
[Site "Bastia"]
[Date "1999.12.04"]
[Round "3.1"]
[White "Akopian, Vladimir"]
[Black "Bologan, Viktor"]
[Result "1-0"]
[WhiteElo "2646"]
[BlackElo "2620"]
[PlyCount "53"]
[EventDate "1999.11.??"]
[Source "ChessBase"]
[SourceDate "2000.01.11"]

1. e4 c5 2. Nf3 e6 3. b3 Nf6 4. e5 Nd5 5. Bb2 Nc6 6. c4 Nde7 7. Nc3 Ng6 8. Nb5 a6 9. Nd6+ Bxd6 10. exd6 e5 11. h4 O-O 12. h5 Nf4 13. g3 Ne6 14. h6 g6 15. Nxe5 Re8 16. f4 Ned4 17. Kf2 Nxe5 18. fxe5 Rxe5 19. Bxd4 cxd4 20. Bd3 Re6 21. Qg4 b6 22. Rhe1 Rxd6 23. Qe4 Bb7 24. Qxb7 Rc6 25. Re7 Kf8 26. Rae1 Rb8 27. Qxd7 1-0

[Event "6th Gibtelecom Masters"]
[Site "Gibraltar ENG"]
[Date "2008.01.30"]
[Round "9"]
[White "Bologan, V."]
[Black "Sandipan, C."]
[Result "1-0"]
[WhiteElo "2663"]
[BlackElo "2593"]
[PlyCount "83"]
[EventDate "2008.01.22"]
[Source "www.chesslib.no"]
[SourceDate "2004.05.04"]

1. e4 c5 2. Nf3 e6 3. d3 Nc6 4. c3 Nf6 5. g3 d6 6. Bg2 Be7 7. O-O O-O 8. Re1 Bd7 9. a3 Ne5 10. d4 Nxf3+ 11. Bxf3 cxd4 12. cxd4 d5 13. e5 Ne4 14. Bg2 f6 15. f3 Ng5 16. Be3 fxe5 17. dxe5 d4 18. Bf2 Bc6 19. Nd2 Qd5 20. Rc1 Nf7 21. Qb3 Qa5 22. Qd3 Nxe5 23. Qe2 Bf6 24. Nb3 d3 25. Nxa5 dxe2 26. Nxc6 Nxc6 27. Rxe2 e5 28. Rd1 Rfd8 29. Red2 e4 30. b4 exf3 31. Bxf3 a6 32. Rd7 Nd4 33. R7xd4 Bxd4 34. Bxd4 Rd6 35. Bc5 Rxd1+ 36. Bxd1 Rd8 37. Bb3+ Kh8 38. a4 Rd3 39. Be6 Rd1+ 40. Kf2 Rd2+ 41. Ke3 Rxh2 42. a5 1-0

[Event "Mind Sports Games - Blitz Team"]
[Site "Pechino CINA"]
[Date "2008.10.13"]
[Round "6"]
[White "Li Chao2"]
[Black "Kryvoruchko, Y."]
[Result "1-0"]
[WhiteElo "2622"]
[BlackElo "2627"]
[PlyCount "37"]
[EventDate "2008.10.13"]
[Source "www.chesslib.no"]
[SourceDate "2004.05.04"]

1. e4 c5 2. Nf3 e6 3. Nd4 a6 4. Bd3 Qc7 5. O-O Nf6 6. c4 d6 7. Nc3 Be7 8. f4 Nbd7 9. Kh1 O-O 10. b3 b6 11. Bb2 Bb7 12. Qe2 Rfe8 13. Rac1 Rac8 14. Bb1 Qb8 15. Rce1 Bf8 16. e5 dxe5 17. Nd1 Nh5 18. Bxh7+ Kxh7 19. Qxh5+ 1-0

[Event "otb"]
[Site "otb"]
[Date "2007.04.15"]
[Round "1.4"]
[White "Bologan Viktor"]
[Black "Roiz Michael"]
[Result "0-1"]
[WhiteElo "2636"]
[BlackElo "2605"]
[PlyCount "162"]
[Source "www.chesslib.no"]
[SourceDate "2004.05.04"]

1. e4 e6 2. d3 c5 3. Nf3 Nc6 4. c3 d5 5. Qe2 e5 6. exd5 Qxd5 7. g3 Bf5 8. Nbd2 Nf6 9. Nc4 O-O-O 10. Ne3 Qxd3 11. Nxf5 Qxf5 12. Bg2 Qd3 13. Ng5 Qg6 14. Qc4 Rd7 15. Bh3 Nd8 16. O-O h6 17. Nf3 Nc6 18. Be3 Qh5 19. Bxd7+ Nxd7 20. Nh4 Be7 21. Ng2 Nb6 22. Qb3 e4 23. Qd1 Qf5 24. f3 Rd8 25. Qc2 Rd3 26. fxe4 Qxe4 27. Rae1 Qc4 28. Qf2 f6 29. Bc1 Rd7 30. Ne3 Qxa2 31. Qf5 Ne5 32. Rd1 Qa4 33. Qe6 Qc6 34. Qxc6+ Nxc6 35. Nf5 Bf8 36. Bf4 Nd5 37. Bc1 Ne5 38. Kg2 Nb6 39. Rxd7 Kxd7 40. h4 h5 41. Ne3 Ke6 42. b3 Be7 43. c4 Nc6 44. Re1 Kf7 45. Nf5 Bf8 46. Bf4 Nd7 47. Rd1 Nde5 48. Bxe5 Nxe5 49. Rd8 Nc6 50. Rc8 g6 51. Rc7+ Ke6 52. Ne3 Na5 53. Nd5 Bd6 54. Rg7 Kf5 55. Kf3 a6 56. Ne3+ Ke6 57. Kf2 b5 58. Ra7 Nxb3 59. Rxa6 b4 60. Nd5 Nd2 61. Ne3 Ne4+ 62. Kf3 Nxg3 63. Nd5 Nf5 64. Nf4+ Kf7 65. Ra7+ Be7 66. Nd5 Ke6 67. Ke4 Nd6+ 68. Kd3 Nf5 69. Rb7 Bd6 70. Rb6 Ke5 71. Rb7 Nxh4 72. Rf7 f5 73. Rf6 Be7 74. Rf7 Bd6 75. Rf6 Be7 76. Rf7 Bd6 77. Rh7 f4 78. Rf7 Nf5 79. Rf6 Ne7 80. Rf7 Nxd5 81. cxd5 Kxd5 0-1

[Event "Nederland"]
[Site "?"]
[Date "1999.??.??"]
[Round "?"]
[White "Timman, J."]
[Black "Ljubojevic, Lj"]
[Result "1/2-1/2"]
[WhiteElo "2670"]
[BlackElo "2570"]
[PlyCount "89"]
[EventDate "1999.??.??"]
[Source "Chess Informant"]
[SourceDate "1999.06.01"]

1. e4 c5 2. Nf3 e6 3. c3 d5 4. e5 d4 5. Bd3 Bd7 6. Be4 Bc6 7. Qe2 Ne7 8. d3 Bxe4 9. Qxe4 dxc3 10. bxc3 Qd5 11. Qe2 Nbc6 12. Na3 O-O-O 13. Nb5 Ng6 14. Bg5 f6 15. c4 Qxd3 16. exf6 a6 17. fxg7 Bxg7 18. Bxd8 Rxd8 19. Qxd3 Rxd3 20. Rd1 Rxd1+ 21. Kxd1 axb5 22. cxb5 Nd4 23. Nxd4 Bxd4 24. a4 Kc7 25. a5 Bc3 26. a6 bxa6 27. Kc2 Bd4 28. bxa6 Kb6 29. h4 Kxa6 30. h5 Nf4 31. g3 Nd5 32. g4 Bxf2 33. g5 Bd4 34. Re1 Nf4 35. Re4 e5 36. g6 Nxg6 37. hxg6 hxg6 38. Rg4 Kb5 39. Rxg6 Kc4 40. Rd6 e4 41. Rd8 Be5 42. Kd2 Bf4+ 43. Ke2 Bg5 44. Rd6 Bf4 45. Rd8 1/2-1/2

[Event "Ubeda op 6th"]
[Site "Ubeda"]
[Date "2001.01.26"]
[Round "6"]
[White "Akopian, Vladimir"]
[Black "Kobalija, Mihail"]
[Result "1/2-1/2"]
[WhiteElo "2656"]
[BlackElo "2581"]
[PlyCount "92"]
[EventDate "2001.01.21"]
[Source "ChessBase"]
[SourceDate "2001.03.08"]

1. e4 c5 2. Nf3 e6 3. b3 b6 4. c4 Bb7 5. Nc3 Nc6 6. Bb2 Nf6 7. e5 Ng4 8. Qe2 Qb8 9. Nb5 a6 10. Na3 Nb4 11. O-O-O Nxa2+ 12. Kb1 Nb4 13. d4 Nh6 14. d5 exd5 15. cxd5 Bxd5 16. Nc4 Be6 17. Ng5 Bf5+ 18. Kc1 Na2+ 19. Kd2 Be6 20. Nxe6 fxe6 21. Ke1 Nb4 22. Qd2 Ra7 23. Be2 Nf5 24. h4 Nd4 25. Qg5 d5 26. exd6 Bxd6 27. Bh5+ g6 28. Bf3 O-O 29. Bxd4 Nc2+ 30. Kf1 Nxd4 31. h5 Qd8 32. Qe3 Bf4 33. Qe4 Qf6 34. hxg6 hxg6 35. Nxb6 Qf5 36. Nc4 Bg5 37. Nd6 Qxe4 38. Nxe4 Nxf3 39. gxf3 Be7 40. Ke2 Rb7 41. Rh6 Rxb3 42. Rxg6+ Kf7 43. Rh6 Rb2+ 44. Ke3 Rb3+ 45. Ke2 Rb2+ 46. Ke3 Rb3+ 1/2-1/2

[Event "Istanbul ol (Men)"]
[Site "Istanbul"]
[Date "2000.10.30"]
[Round "3"]
[White "Rublevsky, Sergei"]
[Black "Sax, Gyula"]
[Result "1/2-1/2"]
[WhiteElo "2670"]
[BlackElo "2563"]
[PlyCount "75"]
[EventDate "2000.10.??"]
[Source "www.chesslib.no"]
[SourceDate "2004.05.04"]

1. e4 c5 2. Nf3 e6 3. c4 Nc6 4. Nc3 e5 5. a3 d6 6. d3 g6 7. b4 Bg7 8. Rb1 Nge7 9. g3 O-O 10. Bg2 Rb8 11. O-O h6 12. Bd2 Bd7 13. Nd5 b6 14. b5 Nd4 15. Nxd4 exd4 16. Nxe7+ Qxe7 17. a4 f5 18. f4 Kh7 19. Re1 Qf7 20. a5 Rbe8 21. Ra1 fxe4 22. Rxe4 Bf5 23. Rxe8 Rxe8 24. Qf1 g5 25. axb6 axb6 26. Bc6 Rf8 27. Kh1 Qg6 28. Ra3 gxf4 29. gxf4 Kh8 30. Qf3 Bf6 31. Bd5 Bh4 32. Ra6 Bxd3 33. Rxb6 Rg8 34. Qg2 Bxc4 35. Bxg8 Qb1+ 36. Qg1 Qe4+ 37. Qg2 Qb1+ 38. Qg1 1/2-1/2

[Event "Neum"]
[Site "?"]
[Date "2000.??.??"]
[Round "?"]
[White "Rublevsky, S."]
[Black "Sax, Gy"]
[Result "1-0"]
[WhiteElo "2670"]
[BlackElo "2560"]
[PlyCount "61"]
[EventDate "2000.??.??"]
[Source "Chess Informant"]
[SourceDate "2000.06.01"]

1. e4 c5 2. Nf3 e6 3. c4 Nc6 4. Nc3 e5 5. a3 d6 6. d3 g6 7. b4 Bg7 8. Rb1 Nge7 9. g3 O-O 10. Bg2 f5 11. O-O Rb8 12. Bg5 h6 13. Bxe7 Nxe7 14. exf5 Nxf5 15. Nd2 b6 16. Qa4 Bb7 17. Qxa7 Bxg2 18. Kxg2 Ra8 19. Qb7 Rxa3 20. Nde4 Rf7 21. Qd5 Qd7 22. Nb5 Ra2 23. Kg1 Ne7 24. Qxd6 Qh3 25. Ra1 Rxa1 26. Rxa1 cxb4 27. Qxb6 Qd7 28. Nbd6 Rf8 29. Qxb4 Nf5 30. Qb7 Qe6 31. Ra7 1-0

[Event "WchT 4th"]
[Site "Luzern"]
[Date "1997.10.31"]
[Round "7"]
[White "Rublevsky, Sergei"]
[Black "Cvitan, Ognjen"]
[Result "1-0"]
[WhiteElo "2650"]
[BlackElo "2570"]
[PlyCount "83"]
[EventDate "1997.10.??"]
[Source "ChessBase"]
[SourceDate "1998.01.31"]

1. e4 c5 2. Nf3 e6 3. c4 Nc6 4. Nc3 Nd4 5. Nxd4 cxd4 6. Ne2 Qb6 7. Ng3 Bc5 8. d3 Bb4+ 9. Bd2 Ne7 10. Be2 O-O 11. O-O Bxd2 12. Qxd2 d6 13. f4 f6 14. f5 e5 15. Nh5 Bd7 16. Rf3 Be8 17. Rh3 Bxh5 18. Bxh5 a5 19. Rf1 Qb4 20. Qc1 b5 21. a3 Qc5 22. cxb5 Rfc8 23. Qxc5 Rxc5 24. a4 Rc2 25. Rb1 Rac8 26. Rf3 Rd2 27. Rf2 Rxd3 28. b4 axb4 29. Rxb4 Ra3 30. b6 d5 31. b7 Rb8 32. exd5 Nxd5 33. Rc2 Ra1+ 34. Kf2 Ra2 35. Rbb2 Rxb2 36. Rxb2 e4 37. a5 Nc7 38. Bd1 Kf8 39. Ba4 g6 40. fxg6 hxg6 41. Bc6 f5 42. Rb6 1-0

[Event "JUG-chT"]
[Site "Tivat"]
[Date "1995.??.??"]
[Round "8"]
[White "Svidler, Peter"]
[Black "Sokolov, Andrei"]
[Result "1/2-1/2"]
[WhiteElo "2635"]
[BlackElo "2585"]
[PlyCount "35"]
[EventDate "1995.??.??"]
[Source "ChessBase"]

1. e4 c5 2. Nf3 e6 3. c3 d5 4. e5 d4 5. Bd3 Bd7 6. O-O Bc6 7. Re1 Ne7 8. b4 cxb4 9. cxb4 Bxf3 10. Qxf3 Nd5 11. b5 Nd7 12. Bb2 Nc5 13. Be4 Nxe4 14. Qxe4 Rc8 15. Na3 Qa5 16. Qd3 Bxa3 17. Bxa3 Nc3 18. dxc3 1/2-1/2

[Event "Open International de Corse - Bastia"]
[Site "Bastia"]
[Date "2004.10.30"]
[Round "4.1"]
[White "Oratovsky, Michael"]
[Black "Milov, Vadim"]
[Result "0-1"]
[WhiteElo "2536"]
[BlackElo "2683"]
[PlyCount "111"]
[EventDate "2004.10.29"]
[Source "Roberto Alvarez"]
[SourceDate "2004.11.08"]

1. e4 c5 2. Nf3 e6 3. Nc3 a6 4. g3 b5 5. Bg2 Bb7 6. d3 Nf6 7. O-O d6 8. Ng5 Nc6 9. f4 b4 10. Ne2 h6 11. Nf3 Be7 12. h3 d5 13. e5 Nd7 14. c4 Nb6 15. b3 Qd7 16. Be3 d4 17. Bd2 O-O-O 18. g4 h5 19. Ng3 hxg4 20. hxg4 f5 21. gxf5 exf5 22. Qe2 Qe6 23. Kf2 Nd7 24. Rh1 g5 25. Rxh8 Rxh8 26. Rh1 Rxh1 27. Bxh1 g4 28. Nh2 Bh4 29. Nhf1 Ne7 30. Bxb7+ Kxb7 31. Kg1 Nf8 32. Qg2+ Qc6 33. Qxc6+ Kxc6 34. Nh5 Kd7 35. Nfg3 Ne6 36. Kg2 Ke8 37. Be1 Kf7 38. Ne2 Kg6 39. Nhg3 Nc8 40. Bd2 Nb6 41. Bc1 a5 42. Bd2 a4 43. Kh2 Be7 44. Kg2 Bf8 45. Kf2 Nd8 46. Ke1 Nc6 47. Kd1 axb3 48. axb3 Na8 49. Bc1 Nc7 50. Bd2 Be7 51. Be1 Ne6 52. Bd2 Na5 53. Kc2 Bh4 54. Bc1 Kg7 55. Bd2 Nc6 56. Kd1 0-1

[Event "Sibenik"]
[Site "?"]
[Date "2006.09.24"]
[Round "3.5"]
[White "Sax Gyula"]
[Black "Almasi Zoltan"]
[Result "1/2-1/2"]
[WhiteElo "2545"]
[BlackElo "2672"]
[PlyCount "71"]
[EventDate "2006.??.??"]
[Source "www.chesslib.no"]
[SourceDate "2004.05.04"]

1. e4 c5 2. Nf3 e6 3. c4 Nc6 4. Nc3 e5 5. g3 d6 6. d3 g6 7. Bg2 Bg7 8. O-O Nge7 9. Ne1 O-O 10. Nc2 Nd4 11. Nxd4 cxd4 12. Nd5 Nxd5 13. exd5 Re8 14. Bd2 a5 15. a3 Bf5 16. Qc2 a4 17. b4 axb3 18. Qxb3 Qd7 19. a4 b6 20. Rfe1 Ra6 21. Ra2 Rea8 22. Rea1 Qa7 23. Bb4 Bf8 24. Bf3 Qc7 25. Bd2 Qd8 26. Bd1 Bd7 27. Qb1 Qe8 28. a5 Qd8 29. Ba4 Bxa4 30. Rxa4 bxa5 31. Qe1 Rb8 32. Rxa5 Rxa5 33. Bxa5 Qd7 34. Rb1 Ra8 35. Rb5 Qf5 36. Qe2 1/2-1/2

[Event "Hoogovens"]
[Site "Wijk aan Zee"]
[Date "1998.01.24"]
[Round "7"]
[White "Timman, Jan H"]
[Black "Nijboer, Friso"]
[Result "1/2-1/2"]
[WhiteElo "2635"]
[BlackElo "2580"]
[PlyCount "89"]
[EventDate "1998.01.16"]
[Source "ChessBase"]
[SourceDate "1998.04.09"]

1. e4 c5 2. Nf3 e6 3. Nc3 a6 4. g3 b5 5. Bg2 Bb7 6. d3 d6 7. O-O Qc7 8. Nh4 Nf6 9. f4 Be7 10. Be3 Nbd7 11. Qe2 Nb6 12. a4 Nxa4 13. Nxa4 bxa4 14. Rxa4 O-O 15. f5 Nd7 16. fxe6 fxe6 17. Qg4 Rxf1+ 18. Bxf1 Nf8 19. Nf3 Bc6 20. Ra2 e5 21. Nd2 Bd7 22. Qh5 Ne6 23. Bh3 Qb7 24. Nc4 Rf8 25. Bg4 g6 26. Qh3 Rf6 27. Qg2 Qc6 28. Ra1 Bc8 29. c3 h5 30. Bh3 Rf7 31. Kh1 Bd8 32. Qd2 Bc7 33. Bh6 Qe8 34. Ne3 Kh7 35. Nd5 Bd8 36. Be3 Qf8 37. Kg2 Qe8 38. Rf1 Bb7 39. Rf2 Kg8 40. b4 cxb4 41. cxb4 Rxf2+ 42. Qxf2 Qf7 43. Nb6 Qxf2+ 44. Kxf2 Kf7 45. Nc4 1/2-1/2

[Event "CRO-chT"]
[Site "Rabac"]
[Date "2003.09.08"]
[Round "2"]
[White "Tkachiev, Vladislav"]
[Black "Hulak, Krunoslav"]
[Result "1-0"]
[WhiteElo "2654"]
[BlackElo "2557"]
[PlyCount "113"]
[EventDate "2003.09.07"]
[Source "Roberto Alvarez"]
[SourceDate "2003.09.22"]

1. e4 c5 2. Nf3 e6 3. d3 Nc6 4. c3 d6 5. d4 d5 6. exd5 Qxd5 7. Be3 cxd4 8. cxd4 Nf6 9. Nc3 Bb4 10. Qc2 O-O 11. Be2 Qd8 12. O-O Be7 13. a3 Ng4 14. Bf4 Bd6 15. Bxd6 Qxd6 16. Rfd1 Nf6 17. Rac1 Bd7 18. Ne4 Qf4 19. Nc5 Rac8 20. Qb3 b6 21. g3 Qd6 22. Nxd7 Qxd7 23. Ba6 Rc7 24. Qc4 Nd5 25. Bb5 Na5 26. Qd3 Qe7 27. b4 Nb7 28. Ne5 Rxc1 29. Rxc1 Nd6 30. Bc6 Rc8 31. b5 Rc7 32. Re1 Nf6 33. Kg2 Qd8 34. Bf3 Nc8 35. Nc6 Qd6 36. d5 exd5 37. Qd4 h6 38. h4 Ne7 39. Nb4 Qc5 40. Qe5 d4 41. Qxc5 bxc5 42. Na6 Ned5 43. Bxd5 Nxd5 44. Re8+ Kh7 45. Rd8 c4 46. Nxc7 Nxc7 47. Rxd4 Nxb5 48. Rxc4 Nxa3 49. Rc7 Kg6 50. Rxa7 Nc4 51. g4 Ne5 52. h5+ Kf6 53. Ra6+ Kg5 54. f3 f5 55. Kg3 f4+ 56. Kg2 g6 57. Re6 1-0

[Event "Sigeman & Co"]
[Site "Malmo"]
[Date "1997.06.14"]
[Round "5"]
[White "Rozentalis, Eduardas"]
[Black "Cramling, Pia"]
[Result "1-0"]
[WhiteElo "2650"]
[BlackElo "2545"]
[PlyCount "71"]
[EventDate "1997.06.10"]
[Source "ChessBase"]
[SourceDate "1997.10.13"]

1. e4 c5 2. Nf3 e6 3. b3 b6 4. Bb2 Bb7 5. d3 d6 6. g3 Nf6 7. Bg2 Be7 8. Nbd2 O-O 9. Qe2 Nc6 10. O-O Qc7 11. c4 Nd7 12. Qe3 Rae8 13. d4 d5 14. cxd5 exd5 15. Rac1 Qb8 16. exd5 Nb4 17. Ne5 cxd4 18. Bxd4 Nxe5 19. Bxe5 Bd6 20. Bxd6 Qxd6 21. Nc4 Qg6 22. Qd2 Nd3 23. Rc3 Nc5 24. Re3 Ne4 25. Qd4 f5 26. f3 Nd6 27. f4 Ne4 28. Bxe4 fxe4 29. d6 Rd8 30. d7 Qe6 31. Ne5 Bc6 32. Rd1 Rf6 33. Rc3 Bb5 34. Rc8 Rff8 35. Rxd8 Rxd8 36. f5 1-0

[Event "Vlissingen HZ op 6th"]
[Site "Vlissingen"]
[Date "2002.08.11"]
[Round "9"]
[White "Glek, Igor V"]
[Black "Tregubov, Pavel V"]
[Result "1/2-1/2"]
[WhiteElo "2590"]
[BlackElo "2599"]
[PlyCount "72"]
[EventDate "2002.08.04"]
[Source "ChessBase"]
[SourceDate "2002.09.11"]

1. e4 c5 2. Nf3 e6 3. g3 d5 4. exd5 exd5 5. d4 Nc6 6. Bg2 Bd6 7. O-O Nge7 8. dxc5 Bxc5 9. Nc3 O-O 10. Ne1 d4 11. Ne4 Bb6 12. Nd3 Bf5 13. a3 Rc8 14. Re1 Bc7 15. Bg5 b6 16. Bxe7 Nxe7 17. Nd2 Qd7 18. Nb3 Bb8 19. Rc1 Rfd8 20. Nxd4 Qxd4 21. Rxe7 Bxd3 22. cxd3 Rxc1 23. Qxc1 Qxd3 24. Bf1 Qd6 25. Qe3 Kf8 26. Re4 Qc5 27. Qf3 Qc1 28. b4 Bd6 29. Rc4 Qg5 30. Kg2 g6 31. Rh4 Kg7 32. Bc4 Rd7 33. Rd4 Qf6 34. Qxf6+ Kxf6 35. Rd3 Ke7 36. Re3+ Kf8 1/2-1/2

[Event "Mitropa Cup"]
[Site "Baden SUI"]
[Date "1999.04.10"]
[Round "9"]
[White "Oral, T."]
[Black "Almasi, Z."]
[Result "1-0"]
[WhiteElo "2521"]
[BlackElo "2665"]
[PlyCount "45"]
[EventDate "1999.??.??"]
[Source "www.chesslib.no"]
[SourceDate "2004.05.04"]

1. e4 c5 2. Nf3 e6 3. b3 b6 4. d4 cxd4 5. Nxd4 Bb7 6. Nb5 a6 7. Nd6+ Bxd6 8. Qxd6 Nc6 9. Bb2 Nf6 10. Nd2 Qb8 11. Qxb8+ Rxb8 12. Ba3 b5 13. Bd6 Rc8 14. Bd3 Kd8 15. a4 Re8 16. Bg3 Nb4 17. axb5 axb5 18. O-O Bc6 19. Nf3 d6 20. Nd4 Nxd3 21. cxd3 Bd7 22. Ra7 e5 23. Nf5 1-0

[Event "Linares Anibal op 8th"]
[Site "Linares"]
[Date "2001.01.16"]
[Round "9"]
[White "Zhang Zhong"]
[Black "Epishin, Vladimir"]
[Result "1-0"]
[WhiteElo "2607"]
[BlackElo "2578"]
[PlyCount "113"]
[EventDate "2001.01.08"]
[Source "ChessBase"]
[SourceDate "2001.03.20"]

1. e4 c5 2. Nf3 e6 3. d3 d5 4. Qe2 Nf6 5. g3 g6 6. Bg2 Bg7 7. O-O O-O 8. e5 Nfd7 9. Bf4 Nc6 10. Nbd2 h6 11. h4 f6 12. exf6 Nxf6 13. Ne5 Nd4 14. Qd1 Nh5 15. Nxg6 Nxf4 16. Nxf4 Rxf4 17. gxf4 Bd7 18. c3 Nf5 19. Nf3 Kh8 20. Re1 Qg8 21. Kh2 Rf8 22. Bh3 Qf7 23. Ne5 Bxe5 24. Rxe5 Qf6 25. Qf3 Nxh4 26. Qg3 Nf3+ 27. Kg2 Nxe5 28. fxe5 Qe7 29. Bg4 Rg8 30. Rh1 Rg6 31. Qf4 Kg7 32. f3 Bb5 33. d4 Bd3 34. Kf2 c4 35. Bh5 Rg5 36. Qh4 Kf8 37. f4 Rg8 38. Qxe7+ Kxe7 39. Bf3 Rg6 40. Bh5 Rg8 41. Bf3 Rg6 42. b3 b5 43. b4 Bf5 44. a3 Bd3 45. Ra1 Bc2 46. Ra2 Ba4 47. Rd2 a6 48. f5 exf5 49. Bxd5 h5 50. Bf3 h4 51. Ke3 Rg1 52. d5 Rc1 53. d6+ Kd8 54. e6 Rxc3+ 55. Kf4 Rxf3+ 56. Kxf3 c3 57. e7+ 1-0

[Event "EU-ch 2nd"]
[Site "Ohrid"]
[Date "2001.06.14"]
[Round "13"]
[White "Akopian, Vladimir"]
[Black "Goloshchapov, Alexander"]
[Result "1/2-1/2"]
[WhiteElo "2654"]
[BlackElo "2528"]
[PlyCount "67"]
[EventDate "2001.06.01"]
[Source "ChessBase"]
[SourceDate "2001.09.13"]

1. e4 c5 2. Nf3 e6 3. b3 a6 4. Bb2 Nc6 5. c4 Qc7 6. g3 d6 7. d4 cxd4 8. Nxd4 Bd7 9. Bg2 Nf6 10. Nxc6 Bxc6 11. Bxf6 gxf6 12. O-O Bg7 13. Nd2 f5 14. Rb1 fxe4 15. Bxe4 O-O 16. Re1 Rae8 17. Nf3 f5 18. Bxc6 bxc6 19. Qc2 e5 20. Rbd1 Qd7 21. b4 Kh8 22. a4 d5 23. cxd5 cxd5 24. Qe2 e4 25. Nh4 d4 26. Qxa6 Ra8 27. Qe2 Rxa4 28. Qh5 Kg8 29. g4 fxg4 30. Rxe4 Rxb4 31. Qxg4 Qxg4+ 32. Rxg4 Rb2 33. Rdxd4 Rbxf2 34. Rd7 1/2-1/2